000 00610nam a2200217Ia 4500
003 OSt
005 20221007070221.0
006 a|||||r|||| 00| 0
007 ta
008 221006b |||||||| |||| 00| 0 eng d
024 _a17,224
037 _cTextual
040 _aFLL
_cFLL
_beng
041 _2eng
_aeng
082 _aXM55:5-93.1.N7, L6
245 0 _aWages and working conditions in multinational enterprises
260 _aGeneva
_bInternational labour office Switzerland
_c1976
300 _a50p
_ccm.
942 _hXM55:5-93.1.N7, L6
_cTEXL
_2CC
999 _c1139836
_d1139836